Top 10 Lowest Countries - Statistics

General Stats
  • This quiz has been taken 12 times
  • The average score is 4 of 10
Answer Stats
State % Correct
3 Netherlands 30 Meters
100%
4 Denmark 34 Meters
55%
1 Maldives 1.8 Meters
55%
10 Bangladesh 85 Meters
45%
2 Qatar 28 Meters
36%
6 Estonia 61 Meters
18%
5 Gambia 34 Meters
18%
8 Guinea Bissau 70 Meters
9%
7 Senegal 69 Meters
9%
9 Trinidad and Tobago 83 Meters
9%
No matching quizzes found
Score Distribution
Percent of People with Each Score
Percentile by Number Answered
Your Score History
You have not taken this quiz